000 00278nam a22001337a 4500
008 170711b xxu||||| |||| 00| 0 eng d
020 _a0791000583
041 _aeng
080 _a05
100 _a23
101 _aENC
245 _aBIRTH DEFECTS
_cEDELSON,E
942 _2udc
_cBK
999 _c20226
_d20226